header

Helen of Troy (Record no. 61496)

MARC details
000 -LEADER
fixed length control field 01196nam a2200301Ia 4500
100 1# - MAIN ENTRY--AUTHOR NAME
Personal name Maguire, Laurie E.
245 10 - TITLE STATEMENT
Title Helen of Troy
260 ## - PUBLICATION, DISTRIBUTION, ETC. (IMPRINT)
Place of publication Malden, MA :
Name of publisher Wiley-Blackwell,
Year of publication 2009.
300 ## - PHYSICAL DESCRIPTION
Number of Pages xviii, 258 p.
650 #0 - SUBJECT ADDED ENTRY--TOPICAL TERM
Topical Term Helen of Troy (Greek mythology) in literature.
Topical Term Mythology, Greek.
856 40 - ELECTRONIC LOCATION AND ACCESS
Uniform Resource Identifier http://site.ebrary.com/lib/rucke/Doc?id=10308041

No items available.

© 2026 Rongo University
Contact us: librarian | system librarian | Rongo university